| 000 | 00975nam a2200265 a 4500 | ||
|---|---|---|---|
| 001 | 59786 | ||
| 003 | BD-RjUL | ||
| 005 | 20211209080753.0 | ||
| 008 | 161227s1986 enk 000 0 eng d | ||
| 020 | _a0333275624 (pbk.) | ||
| 035 | _a(BD-RjUL) 59910 | ||
| 040 |
_aCUZ _cCUZ _dm/c _dEQO _dBD-RjUL _beng |
||
| 041 | _aeng | ||
| 082 |
_223 _a306.01 _bINT 1986 |
||
| 245 | 0 | 0 |
_aIntroduction to the Sociology of "Developing Societies" / _cedited by Hamza Alavi and Teodor Shanin |
| 260 |
_aLondon : _bMacmillan, _cc1982 [Reprinted 1986] |
||
| 300 |
_axii, 474 p. ; _c22 cm |
||
| 490 | 1 |
_aSociology of "developing societies" (Houndmills, Basingstoke, Hampshire) ; _v1 |
|
| 504 | _aBibliography: p. 459-474 | ||
| 651 | 0 |
_aDeveloping countries _xSocial conditions _9177901 |
|
| 700 | 1 |
_aAlavi, Hamza, _d1921-2003. _9177902 |
|
| 700 | 1 |
_aShanin, Teodor _9177903 |
|
| 830 | 0 |
_aSociology of "developing societies" (Houndmills, Basingstoke, Hampshire) ; _v1 _9179462 |
|
| 942 |
_2ddc _cBK |
||
| 999 |
_c59786 _d59786 |
||